000 00303pam a2200133 a 4500
020 _c
041 _aeng
082 _bBAN
100 _aBanthia,J.K.
245 _aDistrict Census hnadbook Pune Series 4
_hTextual Documents
260 _a[s.l]:
_bGoverment of India
300 _a837p.
930 _a17234
999 _c94134
_d94134